| 000 | 00000nam 2200000za 4500 |
| 001 | 9.638411 |
| 003 | CaOODSP |
| 005 | 20210827082749 |
| 007 | cr ||||||||||| |
| 008 | 150407|2011||||xxc|||||o f|0| 0 fre d |
| 020 | |a978-1-100-96569-7 |
| 040 | |aCaOODSP|bfre |
| 043 | |an-cn--- |
| 086 | 1 |aV32-105/2011F-PDF |
| 110 | 1 |aCanada. |bAnciens combattants Canada. |
| 245 | 13|aLe Canada se souvient de la Guerre de Corée |h[ressource électronique] |
| 260 | |aOttawa - Ontario : |bAnciens Combattants Canada |cc2011. |
| 300 | |a2p. |
| 590 | |a11-28|b2011-07-15 |
| 775 | 08|tCanada remembers - the Korean War |w(CaOODSP)9.694235 |
| 776 | 0#|tCanada remembers - the Korean War |w(CaOODSP)9.672763 |
| 776 | 0#|tLe Canada se souvient de la Guerre de Corée |w(CaOODSP)9.672764 |
| 794 | |tLe Canada se souvient de la guerre de Corée |w(CaOODSP)9.853853 |
| 795 | |tLe Canada se souvient de la Guerre de Corée |w(CaOODSP)9.635881 |
| 856 | 40|ahttp://publications.gc.ca|qPDF|s1038 Ko|uhttps://publications.gc.ca/collections/collection_2011/acc-vac/V32-105-2011-fra.pdf |